Levante UD Squad 2019-2020 - Statistics

General Stats
  • This quiz has been taken 10 times
  • The average score is 21 of 26
Answer Stats
# Position Nation Player % Correct
13 GK Spain Aitor Fernández
100%
10 MF North Macedonia Enis Bardhi
100%
20 DF Spain Jorge Miramón
100%
24 MF Spain José Campaña
100%
17 MF Montenegro Nikola Vukčević
100%
6 DF Costa Rica Óscar Duarte
100%
9 FW Spain Roger Martí
100%
14 DF Portugal Rúben Vezo
100%
23 DF Spain Coke
86%
18 DF Uruguay Erick Cabaco
86%
22 MF Spain Gonzalo Melero
86%
8 FW Portugal Hernâni
86%
11 FW Spain José Luis Morales
86%
5 MF Serbia Nemanja Radoja
86%
1 GK Spain Oier Olazábal
86%
- Coach Spain Paco López
86%
18 DF Spain Bruno González
71%
19 DF Spain Carlos Clerc
71%
2 DF Spain Iván López
71%
1 GK Spain Koke Vegas
71%
4 DF Spain Róber Pier
71%
15 DF Spain Sergio Postigo
71%
3 DF Spain Toño
71%
21 FW Spain Borja Mayoral
57%
7 FW Spain Sergio León
57%
16 FW Spain Rubén Rochina
29%
No matching quizzes found
Score Distribution
Percent of People with Each Score
Percentile by Number Answered
Your Score History
You have not taken this quiz